000
00220nam a22000857a 4500
008
170123b xxu||||| |||| 00| 0 eng d
100
_9
2529
_a
Pasricha.P.
245
_a
Environmental Studies-1
260
_a
New Delhi
_b
Srijan
_c
2011
999
_c
5617
_d
5617